[Event "Epinal-Mundolsheim"]
[Site "Mundolsheim"]
[Date "2007.12.16"]
[Round "4.5"]
[White "Salihu, Sami"]
[Black "Briet, Antoine"]
[Result "1-0"]
[WhiteElo "2209"]
[BlackElo "2169"]
[PlyCount "58"]
[EventDate "2007.12.16"]
[SourceDate "2007.10.27"]

1. e4 c5 2. Nf3 Nc6 3. d4 cxd4 4. Nxd4 Nf6 5. Nc3 e5 6. Ndb5 d6 7. Bg5 a6 8.
Bxf6 gxf6 9. Na3 f5 10. Bc4 Bg7 11. Qh5 O-O 12. exf5 Nd4 13. Bd3 e4 14. Bxe4 d5
15. f6 dxe4 16. fxg7 Re8 17. O-O-O Qf6 18. Nd5 Qxg7 19. Nc4 Be6 20. Nce3 Rac8
21. Rxd4 Qxd4 22. Qg5+ Kh8 23. Nf6 Rg8 24. Nxg8 Rxg8 25. Qa5 Qf6 26. Rf1 Rg5
27. Qb4 Kg7 28. Qxe4 Ra5 29. a3 Rh5 {suite illisible} 1-0

[Event "Epinal-Mundolsheim"]
[Site "Mundolsheim"]
[Date "2007.12.16"]
[Round "4.6"]
[White "Hoffmann, Regis"]
[Black "Grenouilloux, Alain"]
[Result "1-0"]
[WhiteElo "2116"]
[BlackElo "2130"]
[PlyCount "85"]
[EventDate "2007.12.16"]
[SourceDate "2007.10.27"]

1. d4 d5 2. Nf3 Nf6 3. Bg5 e6 4. e3 Nbd7 5. Bd3 c5 6. c3 Qb6 7. b3 Be7 8. O-O
O-O 9. Nbd2 Re8 10. Ne5 Nxe5 11. dxe5 Nd7 12. Bxe7 Rxe7 13. Qh5 g6 14. Qg5 Re8
15. h4 Qd8 16. Qg3 Nf8 17. Rad1 Bd7 18. e4 Bc6 19. exd5 exd5 20. f4 Qe7 21.
Rde1 Nd7 22. h5 Kh8 23. Nf3 c4 24. Bb1 Rg8 25. hxg6 fxg6 26. b4 a5 27. a3 axb4
28. axb4 Ra3 29. Re3 Nf8 30. Nd4 Bd7 31. Qf3 Be6 32. f5 gxf5 33. Bxf5 Bxf5 34.
Nxf5 Qe6 35. Nd4 Qe7 36. Qf6+ Qxf6 37. exf6 Ra2 38. Ne2 Rg6 39. Re8 Kg8 40. f7+
Kg7 41. Nf4 Rh6 42. Nxd5 Rh5 43. Rxf8 1-0

[Event "Epinal-Mundolsheim"]
[Site "Mundolsheim"]
[Date "2007.12.16"]
[Round "4.7"]
[White "Cordier, Arnaud"]
[Black "Bogner, Norbert"]
[Result "1/2-1/2"]
[WhiteElo "2144"]
[BlackElo "2114"]
[PlyCount "85"]
[EventDate "2007.12.16"]
[SourceDate "2007.10.27"]

1. e4 c5 2. Nf3 d6 3. d4 cxd4 4. Nxd4 Nf6 5. Nc3 a6 6. Be2 e6 7. O-O Qc7 8. a4
b6 9. f4 Bb7 10. Bf3 Nbd7 11. Kh1 Be7 12. Qe2 Rc8 13. Be3 O-O 14. g4 Nc5 15.
Qg2 Rfe8 16. g5 Nfd7 17. Nce2 e5 18. Nf5 Bf8 19. Nc3 Ne6 20. Qg4 exf4 21. Bxf4
Nxf4 22. Qxf4 Ne5 23. Bg2 Qc4 24. Rae1 Qb4 25. Nd5 Bxd5 26. exd5 Qxf4 27. Rxf4
Rxc2 28. Rb4 Nd3 29. Rxe8 Rc1+ 30. Bf1 Rxf1+ 31. Kg2 Rxf5 32. Rxb6 Rxg5+ 33.
Kf1 Nf4 34. Rxa6 Rxd5 35. Raa8 Ne6 36. b4 g5 37. b5 Rd1+ 38. Ke2 Rb1 39. Rab8
d5 40. b6 Kg7 41. Rb7 h5 42. a5 d4 43. Rxf8 1/2-1/2

[Event "Epinal-Mundolsheim"]
[Site "Mundolsheim"]
[Date "2007.12.16"]
[Round "4.8"]
[White "Bodlenner, Camille"]
[Black "Baujard, Anne"]
[Result "1/2-1/2"]
[WhiteElo "1872"]
[BlackElo "1926"]
[PlyCount "124"]
[EventDate "2007.12.16"]
[SourceDate "2007.10.27"]

1. e4 c5 2. d4 cxd4 3. c3 dxc3 4. Nxc3 a6 5. Bc4 e6 6. a4 Nc6 7. Nf3 d6 8. O-O
Be7 9. Qe2 Nf6 10. Rd1 Qc7 11. Rb1 Nb4 12. Bf4 O-O 13. Rbc1 Qb6 14. Be3 Qa5 15.
Bd2 Qh5 16. Bf4 Rd8 17. Qe1 d5 18. exd5 Nfxd5 19. Nxd5 Nxd5 20. Bxd5 Rxd5 21.
Ne5 Rxd1 22. Rxd1 Qf5 23. Qd2 h6 24. Rc1 Bf6 25. Qe3 Bxe5 26. Bxe5 Bd7 27. Qd4
Bc6 28. f3 Qg5 29. Bf4 Qa5 30. Be5 Rd8 31. Qf4 Qb6+ 32. Kh1 Rd5 33. Qg3 g6 34.
Qf4 Qa5 35. Bc3 Qd8 36. Rg1 Qf8 37. Qf6 Kh7 38. Re1 Rf5 39. Qd4 Rd5 40. Qf6 Rf5
41. Qd4 Bd5 42. Rc1 f6 43. Bb4 Qb8 44. Qb6 g5 45. Rc7+ Kg6 46. Qd6 Qe8 47. Rd7
Bb3 48. Qc7 Qg8 49. Rd8 Qf7 50. Qb8 e5 51. Qd6 g4 52. Qd3 Qc4 53. Rg8+ Kf7 54.
Qxc4+ Bxc4 55. Rxg4 Bd5 56. Kg1 h5 57. Rh4 Kg6 58. Bc3 Kf7 59. Rb4 Rg5 60. Kf2
Ke6 61. Bd2 Rg8 62. Rh4 Rh8 1/2-1/2

[Event "Bischwiller II-Metz Fischer II"]
[Site "Bischwiller"]
[Date "2007.12.16"]
[Round "4.1"]
[White "Eisenbeiser, Amadeus"]
[Black "Cekro, Ekrem"]
[Result "1/2-1/2"]
[WhiteElo "2316"]
[BlackElo "2433"]
[PlyCount "25"]
[EventDate "2007.12.16"]
[SourceDate "2007.10.27"]

1. e4 g6 2. d4 Bg7 3. c4 d6 4. Nf3 Bg4 5. Be2 Nc6 6. Be3 e5 7. d5 Bxf3 8. Bxf3
Nd4 9. Qa4+ Qd7 10. Qxd7+ Kxd7 11. Bd1 f5 12. Nc3 c5 13. Ba4+ 1/2-1/2

[Event "Bischwiller II-Metz Fischer II"]
[Site "Bischwiller"]
[Date "2007.12.16"]
[Round "4.2"]
[White "Vandevoort, Pascal"]
[Black "Saatdjian, Thomas"]
[Result "1-0"]
[WhiteElo "2375"]
[BlackElo "2295"]
[PlyCount "55"]
[EventDate "2007.12.16"]
[SourceDate "2007.10.27"]

1. e4 c5 2. Nf3 d6 3. d4 cxd4 4. Nxd4 Nf6 5. Nc3 a6 6. Rg1 g6 7. g4 Bg7 8. Be3
Nc6 9. Be2 d5 10. Nxc6 bxc6 11. Bd4 O-O 12. exd5 Nxd5 13. Bxg7 Kxg7 14. Qd4+
Nf6 15. O-O-O Qxd4 16. Rxd4 Be6 17. Na4 Nd7 18. Bc4 Ne5 19. Be2 Nd7 20. f4 f5
21. Bf3 c5 22. Rd2 Ra7 23. g5 Rc8 24. Re1 Kf7 25. Rde2 Nf8 26. Rxe6 Nxe6 27.
Bd5 Kf8 28. Rxe6 1-0

[Event "Bischwiller II-Metz Fischer II"]
[Site "Bischwiller"]
[Date "2007.12.16"]
[Round "4.3"]
[White "Genzling, Alain"]
[Black "Goossens, Etienne"]
[Result "1-0"]
[WhiteElo "2279"]
[BlackElo "2296"]
[PlyCount "103"]
[EventDate "2007.12.16"]
[SourceDate "2007.10.27"]

1. e4 e5 2. Nf3 Nc6 3. Bb5 Nf6 4. d4 exd4 5. e5 Nd5 6. c3 Nb6 7. cxd4 d5 8. Bg5
Be7 9. Bxe7 Qxe7 10. Bxc6+ bxc6 11. Qc2 O-O 12. O-O Bd7 13. Nbd2 a5 14. Nb3 Qb4
15. h3 Rfb8 16. e6 Bxe6 17. Nc5 Qc4 18. Qxc4 Nxc4 19. b3 Nd6 20. Nxe6 fxe6 21.
Rac1 a4 22. Rxc6 axb3 23. axb3 Rxb3 24. Rxc7 Nf7 25. Re7 Nd8 26. Re8+ Kf7 27.
Rh8 h6 28. Ne5+ Ke7 29. Rc1 Rb7 30. Nc6+ Kd7 31. Rg8 Nxc6 32. Rxa8 Nxd4 33.
Rca1 Ke7 34. R8a7 Rxa7 35. Rxa7+ Kf6 36. Kf1 h5 37. Ra8 h4 38. Rf8+ Kg5 39. Ke1
Nf5 40. Re8 Nd4 41. Kd2 Kf5 42. Kd3 Nc6 43. Rf8+ Kg6 44. f4 Ne7 45. Kd4 Kh5 46.
Rf7 Nf5+ 47. Ke5 d4 48. Kxe6 Ne3 49. Rd7 Nxg2 50. Rxd4 Ne1 51. Kf7 Nf3 52. Rd8
1-0

[Event "Bischwiller II-Metz Fischer II"]
[Site "Bischwiller"]
[Date "2007.12.16"]
[Round "4.4"]
[White "Staeger, Pascal"]
[Black "Lutz, Eric"]
[Result "0-1"]
[WhiteElo "2085"]
[BlackElo "2209"]
[PlyCount "66"]
[EventDate "2007.12.16"]
[SourceDate "2007.10.27"]

1. e4 e6 2. Qe2 c5 3. Nf3 Nc6 4. g3 Nge7 5. Bg2 d5 6. d3 b5 7. a4 b4 8. O-O Ba6
9. b3 Rc8 10. exd5 Nxd5 11. Bb2 Nde7 12. Nbd2 Nf5 13. Nc4 Be7 14. Nfe5 Ncd4 15.
Qd2 h5 16. Be4 h4 17. g4 Nd6 18. Nxd6+ Bxd6 19. f4 Qc7 20. Rae1 g5 21. Nxf7
Kxf7 22. fxg5+ Kg7 23. g6 Rcf8 24. Rf7+ Rxf7 25. gxf7 Bf4 26. Qf2 e5 27. Bd5
Bb7 28. Qg2 h3 29. Qe4 Bxd5 30. Qxd5 Qxf7 31. Rxe5 Qxd5 32. Rxd5 Be3+ 33. Kf1
Rf8+ 0-1

[Event "Bischwiller II-Metz Fischer II"]
[Site "Bischwiller"]
[Date "2007.12.16"]
[Round "4.5"]
[White "Schulz, Vladimir"]
[Black "Strohmann , Matthieu"]
[Result "1-0"]
[WhiteElo "2190"]
[BlackElo "1992"]
[PlyCount "81"]
[EventDate "2007.12.16"]
[SourceDate "2007.10.27"]

1. Nf3 Nf6 2. d4 g6 3. c4 Bg7 4. g3 c6 5. Bg2 d5 6. cxd5 cxd5 7. Ne5 O-O 8. O-O
e6 9. Nc3 Bd7 10. Bg5 h6 11. Be3 Nc6 12. f4 Rc8 13. Kh1 Qe7 14. Qd2 Kh7 15. Bf3
Ne8 16. g4 Nd6 17. b3 Rfd8 18. Bf2 Rc7 19. Rac1 Rdc8 20. e3 f5 21. h3 Ne4 22.
Bxe4 fxe4 23. Nb5 Nxe5 24. Rxc7 Rxc7 25. Nxc7 Nd3 26. a4 a6 27. f5 gxf5 28.
gxf5 exf5 29. Nxd5 Qf7 30. Nf4 Nxf4 31. exf4 Qxb3 32. Kh2 Bxa4 33. Qa5 Bb5 34.
Rg1 Qf3 35. Rg2 Qxf4+ 36. Bg3 Qc1 37. Qd8 Qc6 38. Be5 Bxe5+ 39. dxe5 Qe6 40.
Qc7+ Bd7 41. Rd2 1-0

[Event "Bischwiller II-Metz Fischer II"]
[Site "Bischwiller"]
[Date "2007.12.16"]
[Round "4.6"]
[White "Hartmann, Dominique"]
[Black "Netzer, Jacques"]
[Result "0-1"]
[WhiteElo "1952"]
[BlackElo "2016"]
[PlyCount "80"]
[EventDate "2007.12.16"]
[SourceDate "2007.10.27"]

1. d4 Nf6 2. Bf4 g6 3. e3 Bg7 4. Nf3 d6 5. h3 O-O 6. Be2 Nbd7 7. c4 e5 8. Bh2
Qe7 9. O-O Ne4 10. Na3 f5 11. dxe5 dxe5 12. Nc2 c6 13. Nd2 Nxd2 14. Qxd2 Nf6
15. Rad1 Ne4 16. Qc1 Be6 17. f3 Nd6 18. b3 Nf7 19. Kh1 Qh4 20. Qd2 g5 21. Qe1
Qh6 22. Qf2 g4 23. hxg4 fxg4 24. Kg1 Ng5 25. Qg3 gxf3 26. Bxf3 Bf5 27. Ne1 Rf6
28. Qxe5 Raf8 29. Qc7 Nxf3+ 30. Nxf3 Qxe3+ 31. Kh1 Bg4 32. Rde1 Qh6 33. Kg1 Qh5
34. Re7 Rg6 35. Ne5 Rxf1+ 36. Kxf1 Qf5+ 37. Nf3 Bxf3 38. Qd8+ Bf8 39. gxf3
Qxf3+ 40. Ke1 Qc3+ 0-1

[Event "Bischwiller II-Metz Fischer II"]
[Site "Bischwiller"]
[Date "2007.12.16"]
[Round "4.7"]
[White "Saatdjian, Stephane"]
[Black "Joly, Laurent"]
[Result "0-1"]
[WhiteElo "1875"]
[BlackElo "2026"]
[PlyCount "78"]
[EventDate "2007.12.16"]
[SourceDate "2007.10.27"]

1. e4 c5 2. Nf3 d6 3. d4 cxd4 4. Nxd4 Nf6 5. Nc3 a6 6. Be3 e5 7. Nb3 Be7 8. Be2
Be6 9. O-O O-O 10. f4 exf4 11. Bxf4 Nc6 12. Qd2 Rc8 13. Rad1 Qb6+ 14. Kh1 Rfd8
15. Be3 Qc7 16. Nd4 Ne5 17. Nf5 Bxf5 18. Rxf5 Nc4 19. Bxc4 Qxc4 20. Qd4 Qe6 21.
Qd3 h6 22. a3 Nxe4 23. Qxe4 Rxc3 24. Qxe6 fxe6 25. bxc3 exf5 26. Rd5 Rf8 27. g3
g5 28. Kg2 Kg7 29. Kf3 Kg6 30. h4 Kf6 31. g4 Ke6 32. Rxf5 Rxf5+ 33. gxf5+ Kxf5
34. hxg5 hxg5 35. a4 b5 36. axb5 axb5 37. Bd4 Bf6 38. Bxf6 Kxf6 39. Kg4 Kg6 0-1

[Event "Bischwiller II-Metz Fischer II"]
[Site "Bischwiller"]
[Date "2007.12.16"]
[Round "4.8"]
[White "Lupfer, Anny"]
[Black "Genzling, Sylvie"]
[Result "1/2-1/2"]
[WhiteElo "1744"]
[BlackElo "1950"]
[PlyCount "138"]
[EventDate "2007.12.16"]
[SourceDate "2007.10.27"]

1. d4 d5 2. Nf3 Nf6 3. Bf4 c5 4. c3 Qb6 5. Qb3 c4 6. Qxb6 axb6 7. Nbd2 Nc6 8.
g3 h6 9. Bg2 e6 10. O-O Be7 11. Rfe1 b5 12. e4 O-O 13. Ne5 Re8 14. a3 dxe4 15.
Nxe4 Nd5 16. Nxc6 bxc6 17. Bd6 Bd8 18. Re2 Bb6 19. Rae1 Rd8 20. Bc5 Bc7 21. f4
Bb7 22. Nf2 Nb6 23. Ng4 Na4 24. Bb4 Bd6 25. Bxd6 Rxd6 26. Nf2 Rd7 27. Nd1 Rad8
28. Re5 Rd6 29. Bf3 Bc8 30. Bg4 Rd5 31. R1e2 c5 32. Rxd5 Rxd5 33. Ne3 Rd8 34.
dxc5 Nxc5 35. Nc2 Nb3 36. Nb4 Bb7 37. Kf2 Nd2 38. Ke1 Ne4 39. Bh3 f5 40. Bg2
Kf7 41. Bxe4 Bxe4 42. Nc2 Kf6 43. Nd4 Rb8 44. Kf2 g5 45. Ke3 Rb6 46. Nf3 Rb7
47. Ne5 h5 48. Rd2 Bd5 49. Kd4 Rc7 50. Ke3 $11 h4 51. Nf3 gxf4+ 52. Kxf4 hxg3
53. hxg3 Rh7 54. Rh2 Rxh2 55. Nxh2 e5+ 56. Ke3 Kg5 57. Kf2 f4 58. gxf4+ exf4
59. Nf1 f3 60. Nd2 Kf4 61. Nf1 Ke4 62. Ne3 Bb7 63. Nc2 Kd3 64. Nd4 Ba6 65. Kxf3
Kd2 66. Ke4 Kc1 67. b3 Kb2 68. bxc4 bxc4 69. Ne2 Kxa3 1/2-1/2

[Event "Besancon TPG II-Montrevel en Bresse"]
[Site "Montrevel en Bresse"]
[Date "2007.12.16"]
[Round "4.1"]
[White "Naudier, Serge"]
[Black "Janev, Evgeni"]
[Result "0-1"]
[WhiteElo "2266"]
[BlackElo "2481"]
[PlyCount "68"]
[EventDate "2007.12.16"]
[SourceDate "2007.10.27"]

1. e4 Nf6 2. Nc3 e5 3. g3 Bc5 4. Bg2 d6 5. Nge2 Nc6 6. Na4 Be6 7. f4 Bg4 8. h3
Bxe2 9. Qxe2 exf4 10. Nxc5 dxc5 11. gxf4 Nd4 12. Qd3 Nh5 13. O-O Qh4 14. c3 Ne6
15. Qf3 Nexf4 16. d4 g5 17. e5 O-O 18. Be3 Qg3 19. Qxg3 Nxg3 20. Bxf4 Ne2+ 21.
Kh2 Nxf4 22. d5 Rae8 23. h4 Rxe5 24. Rae1 Rfe8 25. Rxe5 Rxe5 26. Bf3 Nxd5 27.
Rd1 c6 28. hxg5 Rxg5 29. c4 Ne3 30. Rd8+ Kg7 31. Rb8 b6 32. b3 Rf5 33. Kg3 Rf6
34. Rb7 Nf5+ 0-1

[Event "Besancon TPG II-Montrevel en Bresse"]
[Site "Montrevel en Bresse"]
[Date "2007.12.16"]
[Round "4.2"]
[White "Lamoureux, Charles"]
[Black "Pellaton, Bernard"]
[Result "1-0"]
[WhiteElo "2360"]
[BlackElo "2066"]
[PlyCount "43"]
[EventDate "2007.12.16"]
[SourceDate "2007.10.27"]

1. e4 c5 2. Nf3 Nc6 3. Nc3 e6 4. d4 cxd4 5. Nxd4 a6 6. Be2 Qc7 7. O-O Nf6 8.
Be3 Be7 9. f4 d6 10. Qe1 O-O 11. Qg3 Re8 12. Kh1 d5 13. e5 Ne4 14. Nxe4 dxe4
15. f5 Bf8 16. Nxc6 Qxc6 17. f6 g6 18. c3 b5 19. Rf4 Qc7 20. Rh4 Bb7 21. Rf1
Rad8 22. Qh3 1-0

[Event "Besancon TPG II-Montrevel en Bresse"]
[Site "Montrevel en Bresse"]
[Date "2007.12.16"]
[Round "4.3"]
[White "Jeannerot, Lea"]
[Black "Todorov, Ognjan"]
[Result "0-1"]
[WhiteElo "1994"]
[BlackElo "2305"]
[PlyCount "86"]
[EventDate "2007.12.16"]
[SourceDate "2007.10.27"]

1. e4 c5 2. Nc3 e6 3. g3 d5 4. d3 d4 5. Nce2 e5 6. f4 Nc6 7. h3 f5 8. Bg2 fxe4
9. Bxe4 Nf6 10. Bxc6+ bxc6 11. fxe5 Qd5 12. Rh2 Qxe5 13. Nf3 Qd6 14. Nf4 Be7
15. Bd2 O-O 16. Qe2 Rb8 17. b3 Re8 18. O-O-O Bf8 19. Qf2 Rd8 20. Re1 c4 21.
dxc4 Bf5 22. Nd3 Qa3+ 23. Kd1 Qxa2 24. Nfe5 Bxd3 25. Nxd3 Ba3 26. Bc1 Bxc1 27.
Nxc1 Qa1 28. Qf5 d3 29. cxd3 Rxb3 30. Re3 Rc3 31. Rc2 Qa4 32. Qe6+ Kh8 33. Ree2
h6 34. Qe5 Rxc4 35. Qb2 Ne4 36. Ke1 Qa5+ 37. Kf1 Nxg3+ 38. Kg2 Rxc2 39. Rxc2
Nf5 40. Re2 Nh4+ 41. Kg1 Qg5+ 42. Kf1 Rf8+ 43. Ke1 Nf3+ 0-1

[Event "Besancon TPG II-Montrevel en Bresse"]
[Site "Montrevel en Bresse"]
[Date "2007.12.16"]
[Round "4.4"]
[White "Cavillon, Fabien"]
[Black "Py, Bernard"]
[Result "1-0"]
[WhiteElo "2098"]
[BlackElo "2000"]
[PlyCount "89"]
[EventDate "2007.12.16"]
[SourceDate "2007.10.27"]

1. e4 c5 2. Nc3 Nc6 3. g3 Nf6 4. Bg2 d6 5. d3 e6 6. h3 a6 7. f4 Be7 8. Nf3 O-O
9. O-O Rb8 10. g4 Nd7 11. f5 Nde5 12. Bf4 b5 13. Qd2 b4 14. Ne2 Bf6 15. Rab1
Nxf3+ 16. Bxf3 Be5 17. Bg2 Bxf4 18. Qxf4 e5 19. Qf2 f6 20. Ng3 Ne7 21. Qe3 Qa5
22. g5 Qxa2 23. b3 Kh8 24. gxf6 gxf6 25. Qd2 Qa5 26. Qh6 Rf7 27. Qh5 Rf8 28.
Qh6 Qd8 29. Qh4 Rb7 30. Nh5 Ng8 31. Rf3 Ra7 32. Rg3 a5 33. Kh1 Raf7 34. Rg1 d5
35. Bf3 Bb7 36. Ng7 Bc8 37. exd5 Qe7 38. Ne6 Re8 39. Bh5 Bxe6 40. fxe6 Rff8 41.
Bxe8 Rxe8 42. Qh5 Rf8 43. Rg7 Qxg7 44. Rxg7 Kxg7 45. e7 1-0

[Event "Besancon TPG II-Montrevel en Bresse"]
[Site "Montrevel en Bresse"]
[Date "2007.12.16"]
[Round "4.5"]
[White "Fevre, Mathieu"]
[Black "Lamoureux, Izabelle"]
[Result "1/2-1/2"]
[WhiteElo "2018"]
[BlackElo "2084"]
[PlyCount "82"]
[EventDate "2007.12.16"]
[SourceDate "2007.10.27"]

1. e4 c5 2. Nf3 Nc6 3. d4 cxd4 4. Nxd4 Nf6 5. Nc3 e5 6. Ndb5 d6 7. Nd5 Nxd5 8.
exd5 Nb8 9. c4 a6 10. Nc3 Be7 11. Be2 O-O 12. O-O Nd7 13. Be3 f5 14. f4 Kh8 15.
Kh1 Bf6 16. Qd2 b6 17. Rac1 Rb8 18. b4 e4 19. Bd1 Be7 20. Ne2 Nf6 21. Nd4 Bd7
22. Nb3 Ba4 23. Nd4 Bd7 24. Nb3 Ba4 25. h3 Bxb3 26. Bxb3 Nd7 27. Rfd1 Rf6 28.
Bd4 Rg6 29. Rc3 Bf6 30. Rdc1 Bxd4 31. Qxd4 Qh4 32. Ba4 Qe7 33. Bxd7 Qxd7 34. c5
bxc5 35. bxc5 dxc5 36. Rxc5 Rd8 37. Rc7 Qe8 38. Qe5 Qf8 39. R1c6 Re8 40. Re6
Rgxe6 41. dxe6 Qf6 1/2-1/2

[Event "Besancon TPG II-Montrevel en Bresse"]
[Site "Montrevel en Bresse"]
[Date "2007.12.16"]
[Round "4.6"]
[White "Chebance, Benoit"]
[Black "Cao, Philippe"]
[Result "0-1"]
[WhiteElo "2010"]
[BlackElo "1983"]
[PlyCount "36"]
[EventDate "2007.12.16"]
[SourceDate "2007.10.27"]

1. e4 c5 2. Nc3 Nc6 3. g3 g6 4. Bg2 Bg7 5. d3 d6 6. Be3 Qa5 7. Nge2 e6 8. O-O
Nd4 9. Bd2 Rb8 10. Nxd4 cxd4 11. Ne2 Qa6 12. f4 Ne7 13. g4 f5 14. gxf5 exf5 15.
Qe1 O-O 16. Kh1 Bd7 17. Qh4 Rfe8 18. Ng3 Bc6 {suite illisible} 0-1

[Event "Besancon TPG II-Montrevel en Bresse"]
[Site "Montrevel en Bresse"]
[Date "2007.12.16"]
[Round "4.7"]
[White "Ferrier, David"]
[Black "Testard, Philippe"]
[Result "1-0"]
[WhiteElo "1987"]
[BlackElo "2011"]
[PlyCount "63"]
[EventDate "2007.12.16"]
[SourceDate "2007.10.27"]

1. Nf3 Nf6 2. d3 d6 3. Nbd2 g6 4. g3 Bg7 5. Bg2 O-O 6. O-O c5 7. c3 Nc6 8. e4
Rb8 9. a4 a6 10. Re1 Nd7 11. Nf1 b5 12. d4 b4 13. Bg5 Re8 14. e5 dxe5 15. d5
Na5 16. d6 f6 17. cxb4 Rxb4 18. dxe7 Rxe7 19. Nxe5 fxg5 20. Bd5+ Kh8 21. Nf7+
Rxf7 22. Bxf7 Rd4 23. Re8+ Qxe8 24. Bxe8 Rxd1 25. Rxd1 Bd4 26. b4 Nc6 27. b5
axb5 28. axb5 Nce5 29. Nd2 Nf6 30. Bc6 Bg4 31. Rb1 Be2 32. Nb3 1-0

[Event "Besancon TPG II-Montrevel en Bresse"]
[Site "Montrevel en Bresse"]
[Date "2007.12.16"]
[Round "4.8"]
[White "Vernoux, Delphine"]
[Black "Haussernot, Cecile"]
[Result "1-0"]
[WhiteElo "1550"]
[BlackElo "1824"]
[PlyCount "93"]
[EventDate "2007.12.16"]
[SourceDate "2007.10.27"]

1. e4 c5 2. Nf3 d6 3. d4 cxd4 4. Nxd4 Nf6 5. Nc3 a6 6. Bd3 e6 7. Be3 Be7 8. h3
Nc6 9. a3 Bd7 10. Qd2 Qc7 11. O-O-O b5 12. Bxb5 axb5 13. Ndxb5 Qb8 14. Nxd6+
Bxd6 15. Qxd6 Qxd6 16. Rxd6 O-O 17. Bg5 Rfd8 18. Rhd1 Be8 19. Rxd8 Rxd8 20.
Rxd8 Nxd8 21. Bxf6 gxf6 22. b4 Kf8 23. Kb2 Ke7 24. Kb3 Kd6 25. a4 Nb7 26. Ne2
Kc6 27. c4 e5 28. a5 Nd6 29. f3 Bd7 30. Nc3 Be6 31. Nd5 Bxd5 32. exd5+ Kb7 33.
c5 Ne8 34. Kc4 f5 35. d6 Nf6 36. b5 e4 37. fxe4 Nxe4 38. a6+ Kc8 39. a7 Nd2+
40. Kd5 Kb7 41. d7 Kxa7 42. d8=Q Ne4 43. Qe7+ Ka8 44. Kc6 Nxc5 45. Kxc5 f6 46.
Kb6 Kb8 47. Qb7# 1-0

[Event "Obernai-Grenoble"]
[Site "Montrevel en Bresse"]
[Date "2007.12.16"]
[Round "4.1"]
[White "Scherer, Max"]
[Black "Broca, Alexandre"]
[Result "1-0"]
[WhiteElo "2287"]
[BlackElo "2140"]
[PlyCount "69"]
[EventDate "2007.12.16"]
[SourceDate "2007.10.27"]

1. c4 c5 2. g3 Nf6 3. Bg2 e6 4. Nf3 d5 5. O-O Nc6 6. cxd5 exd5 7. d4 Be7 8. Nc3
O-O 9. b3 Bg4 10. dxc5 Bxc5 11. Na4 Be7 12. Bb2 Qd7 13. Rc1 Rad8 14. Nc5 Qc8
15. Nd4 Nxd4 16. Qxd4 b6 17. Nd3 Qa6 18. Nf4 Ba3 19. Rc6 Bxb2 20. Qxb2 d4 21.
h3 Bd7 22. Rxf6 gxf6 23. Qxd4 Bc8 24. Qxf6 b5 25. Bc6 Qb6 26. e4 Rfe8 27. Nd5
Re6 28. Qg5+ Rg6 29. Qxg6+ hxg6 30. Nxb6 axb6 31. Kg2 b4 32. Bd5 Ba6 33. Rc1
Rd6 34. Rc7 Rf6 35. f4 1-0

[Event "Obernai-Grenoble"]
[Site "Montrevel en Bresse"]
[Date "2007.12.16"]
[Round "4.2"]
[White "Chevant, Louis"]
[Black "Schmider, Bernd"]
[Result "1/2-1/2"]
[WhiteElo "2199"]
[BlackElo "2203"]
[PlyCount "77"]
[EventDate "2007.12.16"]
[SourceDate "2007.10.27"]

1. Nf3 Nf6 2. c4 d6 3. d4 Nbd7 4. g3 e5 5. Bg2 Be7 6. O-O O-O 7. Nc3 c6 8. Qc2
Re8 9. b3 Bf8 10. Rd1 g6 11. d5 c5 12. e4 Bg7 13. a3 Rf8 14. Ne1 Nh5 15. b4 a6
16. Nd3 b6 17. a4 a5 18. bxa5 bxa5 19. Nb5 Nb6 20. Bd2 f5 21. f3 fxe4 22. fxe4
Bg4 23. Rf1 Rxf1+ 24. Rxf1 Qd7 25. Nc1 Nf6 26. Bg5 Ne8 27. Nd3 Bh3 28. Nb2 Bxg2
29. Qxg2 Qg4 30. Bd2 h5 31. h3 Qd7 32. Bg5 Nc7 33. Kh2 Na6 34. Bd2 Nb4 35. Bg5
Na6 36. Bd2 Nb4 37. Bg5 Re8 38. Bd2 Ra8 39. Bg5 1/2-1/2

[Event "Obernai-Grenoble"]
[Site "Montrevel en Bresse"]
[Date "2007.12.16"]
[Round "4.4"]
[White "Forgues, Fabien"]
[Black "Stahl, Clement"]
[Result "1-0"]
[WhiteElo "2125"]
[BlackElo "2026"]
[PlyCount "93"]
[EventDate "2007.12.16"]
[SourceDate "2007.10.27"]

1. e4 c5 2. Nf3 d6 3. d4 Nf6 4. Nc3 cxd4 5. Nxd4 g6 6. Nde2 Nc6 7. h3 h5 8. Bg5
Bg7 9. Qd2 Bd7 10. g3 Qc8 11. Bg2 b5 12. Rb1 b4 13. Nd5 Nxd5 14. exd5 Ne5 15.
b3 f6 16. Be3 a5 17. Nd4 Rb8 18. Rc1 O-O 19. c4 Bf5 20. Nxf5 Qxf5 21. O-O Nf3+
22. Bxf3 Qxf3 23. Qd1 Qf5 24. Kg2 Qe4+ 25. Qf3 Qxf3+ 26. Kxf3 Rfc8 27. Rfd1 f5
28. c5 dxc5 29. Rxc5 Rxc5 30. Bxc5 Kf7 31. d6 exd6 32. Rxd6 Bf8 33. Rc6 Bxc5
34. Rxc5 Ra8 35. Kf4 Ra6 36. Kg5 Kg7 37. Rb5 Kf7 38. h4 Ke7 39. Rb7+ Ke8 40.
Rg7 a4 41. Rxg6 Ra5 42. Rb6 axb3 43. axb3 Ra2 44. Rxb4 Rxf2 45. Rf4 Rg2 46. Rf3
f4 47. Kxf4 1-0

[Event "Obernai-Grenoble"]
[Site "Montrevel en Bresse"]
[Date "2007.12.16"]
[Round "4.5"]
[White "Grandidier, Raphael"]
[Black "Debray, Francois"]
[Result "1/2-1/2"]
[WhiteElo "2018"]
[BlackElo "2157"]
[PlyCount "70"]
[EventDate "2007.12.16"]
[SourceDate "2007.10.27"]

1. e4 Nc6 2. d4 d5 3. e5 Bf5 4. Nf3 Qd7 5. c3 f6 6. Be2 fxe5 7. Nxe5 Nxe5 8.
dxe5 e6 9. O-O Bg6 10. Nd2 Nh6 11. Nf3 Nf7 12. Bf4 Be7 13. Qd2 O-O 14. c4 Be4
15. cxd5 Qxd5 16. Qc3 c5 17. Rfd1 Qc6 18. Rac1 Rfd8 19. b3 Rxd1+ 20. Rxd1 Rd8
21. Rxd8+ Bxd8 22. Qe3 Bc7 23. Bc4 Bd5 24. Qe2 a6 25. h4 Bxc4 26. bxc4 Qd7 27.
Qe4 Bd8 28. Kh2 Be7 29. Ng5 Bxg5 30. Bxg5 Qd4 31. Qxb7 Nxg5 32. hxg5 Qxe5+ 33.
g3 Qd4 34. Kg2 Qxc4 35. Qe7 Qd5+ 1/2-1/2

[Event "Obernai-Grenoble"]
[Site "Montrevel en Bresse"]
[Date "2007.12.16"]
[Round "4.6"]
[White "Rodrigues, Emmanuel"]
[Black "Brunstein, Sandrine"]
[Result "1-0"]
[WhiteElo "2126"]
[BlackElo "2081"]
[PlyCount "97"]
[EventDate "2007.12.16"]
[SourceDate "2007.10.27"]

1. e4 e6 2. Nf3 d5 3. Nc3 c5 4. d4 Nf6 5. e5 Nfd7 6. dxc5 Bxc5 7. Bd3 Nc6 8.
Bf4 a6 9. O-O h6 10. h4 Be7 11. h5 b5 12. Qe2 Nc5 13. Rfe1 Bb7 14. Qd2 Nxd3 15.
cxd3 Qb6 16. Rec1 Rc8 17. Ne2 Bb4 18. Rxc6 Rxc6 19. Qxb4 a5 20. Qd2 Kd7 21.
Nfd4 Rc7 22. Qe3 b4 23. Qg3 Rh7 24. Be3 Qa6 25. Rd1 a4 26. f4 Kc8 27. f5 Kb8
28. f6 Rc8 29. Bd2 Qb6 30. a3 b3 31. Kh2 Ka8 32. Rf1 Rg8 33. Bb4 g5 34. hxg6
Rxg6 35. Qxg6 fxg6 36. f7 Rxf7 37. Rxf7 Ba6 38. Rf6 Bxd3 39. Rxe6 Qd8 40. Re7
Qb6 41. Re8+ Kb7 42. Bd6 Qa6 43. Rb8+ Ka7 44. Nc3 Qc4 45. Rb4 Qc8 46. Nxd5 Qd7
47. Bc5+ Ka6 48. Rb6+ Ka5 49. Bb4# 1-0

[Event "Obernai-Grenoble"]
[Site "Montrevel en Bresse"]
[Date "2007.12.16"]
[Round "4.7"]
[White "Riotte, Christian"]
[Black "Calin, Miguel"]
[Result "1-0"]
[WhiteElo "2088"]
[BlackElo "2012"]
[PlyCount "101"]
[EventDate "2007.12.16"]
[SourceDate "2007.10.27"]

1. d4 d5 2. c4 c6 3. Nf3 Nf6 4. cxd5 cxd5 5. e3 Nc6 6. Nc3 a6 7. a3 g6 8. b4
Bg7 9. Be2 O-O 10. O-O Bg4 11. Bb2 e6 12. Rc1 Rc8 13. h3 Bxf3 14. Bxf3 b5 15.
Ne2 Nd7 16. Nf4 Nb6 17. Be2 Nc4 18. Bxc4 dxc4 19. Ne2 f5 20. f4 Ne7 21. Nc3 Nd5
22. Qf3 Qd7 23. Rcd1 Rfd8 24. Nxd5 exd5 25. Bc3 Re8 26. Rde1 Re4 27. Re2 Rce8
28. Kf2 Qe7 29. Rfe1 Bf6 30. g3 Qd6 31. Rc1 R4e7 32. Ke1 Re4 33. Kd2 R4e7 34.
g4 Qe6 35. g5 Bg7 36. Ke1 Qd6 37. Kf2 Re4 38. Ra1 Qb6 39. a4 bxa4 40. Rxa4 Bf8
41. h4 Qc6 42. Ra5 Qb7 43. Ra4 R8e6 44. h5 a5 45. Rxa5 Bxb4 46. Bxb4 Qxb4 47.
Rxd5 c3 48. hxg6 hxg6 49. Rd8+ Re8 50. Rxe8+ Rxe8 51. Qc6 1-0